Sobre la naturaleza y significación de los filamentos epidérmicos de Herxheimer / (Record no. 21285)

MARC details
000 -LEADER
campo de control de longitud fija 00586nam a2200169 i 4500
001 - NÚMERO DE CONTROL
campo de control 21285
003 - IDENTIFICADOR DE NÚMERO DE CONTROL
campo de control ES-MaACL
005 - FECHA Y HORA DE LA ÚLTIMA TRANSACCIÓN
campo de control 20230906152443.0
007 - CAMPO FIJO DE DESCRIPCIÓN FÍSICA--INFORMACIÓN GENERAL
campo de control de longitud fija t|
008 - DATOS DE LONGITUD FIJA--INFORMACIÓN GENERAL
campo de control de longitud fija 021122s1922 sp ||||1| spa d
100 1# - ENTRADA PRINCIPAL--NOMBRE DE PERSONA
Nombre de persona Alberca Lorente, Román.
9 (RLIN) 19266
245 10 - MENCIÓN DEL TÍTULO
Título Sobre la naturaleza y significación de los filamentos epidérmicos de Herxheimer /
Mención de responsabilidad, etc. R. Alberca.
260 ## - PUBLICACIÓN, DISTRIBUCIÓN, ETC.
Lugar de publicación, distribución, etc. Madrid :
Nombre del editor, distribuidor, etc. [s.n.],
Fecha de publicación, distribución, etc. 1922.
300 ## - DESCRIPCIÓN FÍSICA
Extensión 6 p. :
Otras características físicas il.
500 ## - NOTA GENERAL
Nota general Es separata de: Trabajos del laboratorio de Hictopatología de la Junta para Ampliación de Estudios, nº 20.
852 ## - LOCALIZACIÓN
Ubicación ES-MaACL
Número de control de estantería 1622-F-5
Holdings
Estatus retirado Estado de pérdida Estado de daño No para préstamo Colección Biblioteca de origen Biblioteca actual Ubicación en estantería Fecha de adquisición Fuente de adquisición Total de préstamos Signatura topográfica completa Código de barras Visto por última vez Precio de reemplazo Tipo de ítem Koha
        Colección de folletos Biblioteca del Ateneo de Madrid Biblioteca del Ateneo de Madrid Depósito folletos 17/01/2008     1622-F-5 1021867 23/02/2023 23/02/2023 Folleto